Welcome to CU Library Online Public Access Catalogue (OPAC)

MAN BECOMING GOD IN SECULAR EXPERIENCE (Record no. 6914)

MARC details
000 -LEADER
fixed length control field 00351nam a22001337a 4500
005 - DATE AND TIME OF LATEST TRANSACTION
control field 20250710183012.0
008 - FIXED-LENGTH DATA ELEMENTS--GENERAL INFORMATION
fixed length control field 250710b |||||||| |||| 00| 0 eng d
050 ## - LIBRARY OF CONGRESS CALL NUMBER
Classification number BT75
Item number .2 BAU
100 ## - MAIN ENTRY--PERSONAL NAME
Personal name BAUM GREGORY
245 ## - TITLE STATEMENT
Title MAN BECOMING GOD IN SECULAR EXPERIENCE
260 ## - PUBLICATION, DISTRIBUTION, ETC.
Place of publication, distribution, etc. NEW YORK
Name of publisher, distributor, etc. HERDER AND HERDER
Date of publication, distribution, etc. c1970
300 ## - PHYSICAL DESCRIPTION
Extent xiv,285p
942 ## - ADDED ENTRY ELEMENTS (KOHA)
Source of classification or shelving scheme Library of Congress Classification
Koha item type Books
Suppress in OPAC No
999 ## -
-- 6914
-- 6914
Holdings
Withdrawn status Lost status Source of classification or shelving scheme Damaged status Not for loan Collection Home library Current library Shelving location Date acquired Total checkouts Full call number Barcode Date last seen Copy number Price effective from Koha item type
    Library of Congress Classification     Non-fiction Undergraduate Library (Christ Temple) Undergraduate Library (Christ Temple) General stacks 07/10/2025   BT75.2 BAU ulct00003772 07/10/2025 1 07/10/2025 Books
© 2023-2024 Copyright: Central University Libraries. All Rights Reserved | Created by: Mahone Tech Office